Stakeholder consensus building in multiobjective environments /

Na minha lista:
Detalhes bibliográficos
Autor principal: Takayanagi, Norio.
Outros Autores: Loucks, Daniel P., Mizutani, Yukihiro.
Formato: Atigo
Idioma:English
Assuntos:
Tags: Adicionar Tag
Sem tags, seja o primeiro a adicionar uma tag!
Thư viện lưu trữ: Thư viện Trường Đại học Đà Lạt
LEADER 01068nam a2200349 4500
001 DLU110129698
005 ##20111223
040 # # |a DLU  |b eng 
041 # # |a eng 
044 # # |a us 
100 # # |a Takayanagi, Norio. 
245 # # |a Stakeholder consensus building in multiobjective environments /  |c Norio Takayanagi, Yukihiro Mizutani, Daniel P. Loucks. 
653 # # |a Decision making 
653 # # |a Economic factors 
653 # # |a Project management 
653 # # |a River basins 
653 # # |a Social factors  
653 # # |a Uncertainty principles 
653 # # |a Vietnam 
653 # # |a Water resources 
700 # # |a Loucks, Daniel P. 
700 # # |a Mizutani, Yukihiro. 
773 # # |t Journal of Water Resources Planning and Management  |g Vol. 137, no. 3 (May/June 2011), p. 293-308 
920 # # |a Phòng Tạp chí -- Trung tâm Thông tin - Thư viện Trường Đại học Đà Lạt 
994 # # |a DLU 
900 # # |a True 
911 # # |a Trương Bảo Trâm Anh 
925 # # |a G 
926 # # |a A 
927 # # |a BB 
980 # # |a Thư viện Trường Đại học Đà Lạt